Estrategia de innovación agraria para la producción de frutales de hoja persistente
שמור ב:
| Corporate Authors: | , |
|---|---|
| פורמט: | ספר |
| שפה: | ספרדית |
| יצא לאור: |
Santiago
Fundación para la Innovación Agraria
2002
|
| מהדורה: | 1a. ed |
| סדרה: | Estrategias de Innovación Agraria
|
| נושאים: | |
| תגים: |
הוספת תג
אין תגיות, היה/י הראשונ/ה לתייג את הרשומה!
|
MARC
| LEADER | 00000cam a2200000 a 4500 | ||
|---|---|---|---|
| 001 | UCD2214 | ||
| 003 | CL-VaPUC | ||
| 008 | 160414e20020000cl |||||||||||||||||spa|d | ||
| 020 | |a 9567874271 | ||
| 082 | 0 | 4 | |a 634 |b FUN |2 21 |
| 110 | 2 | |a Fundación para la Innovación Agraria |e author |9 585542 | |
| 710 | 2 | |a FIA |e author |9 585543 | |
| 245 | 1 | 0 | |a Estrategia de innovación agraria para la producción de frutales de hoja persistente |
| 250 | |a 1a. ed | ||
| 300 | |a 72 p | ||
| 942 | |c BK | ||
| 945 | |d 20160414 22:20:00 |a arojas | ||
| 260 | |a Santiago |b Fundación para la Innovación Agraria |c 2002 | ||
| 650 | 0 | |a Árboles frutales |9 264297 | |
| 650 | 0 | |a Producción agrícola |9 353481 | |
| 650 | 7 | |a INNOVACIONES TECNOLOGICAS |2 CL-VaPUC |9 585544 | |
| 583 | |a last modification |c 20160414 22:20:00 |k Rodrigo Vera | ||
| 490 | 0 | |a Estrategias de Innovación Agraria | |
| 999 | |c 363403 |d 363401 | ||
| 952 | |0 0 |1 0 |3 erb |4 0 |6 634_000000000000000_FUN_2002 |7 0 |8 A |9 475605 |a BIBAGR |b BIBAGR |i 5282209 |l 1 |o 634 FUN 2002 |p 5282209 |r 2025-01-20 |s 2022-04-08 |w 2019-11-24 |y BK |z Catalogado en:20160414 |k AGR | ||